Responses for show #4941 - Monday, February 20, 2006

(Cheryl: The quiet tableaus of the Birmingham Civil Rights Institute bear witness to a turbulent era. Find out more next, on Jeopardy!)

Contestants

[<< previous game]

Paul Callaway, a software developer from Chicago, Illinois

Pinki Mishra, a consultant from Philadelphia, Pennsylvania

Jared Poppel, a consultant from Bellevue, Washington (whose 1-day cash winnings total $19,200)

[next game >>]

Jeopardy! Round responses

THE FIGHT FOR CIVIL RIGHTS
(Alex: How appropriate in this month.)
TOUR DE LANCE
SEEING RED
CELEBRITIES' FAVORITE BOOKS
COLLEGE "N" SHOTS
LETTER, WE GET LETTER
(Alex: Not letters.)
    $200 26
Reverend Martin Luther King, Jr.

Jared
    $200 6
(Jared: What is Italy?)
...
(Alex: San Sebastian in [*].)

Spain

Jared
Triple Stumper
    $200 13
the Red Cross

Pinki
    $200 8
Anne Rice

Jared
    $200 1
Notre Dame

Paul
    $200 18
G

Jared
    $400 27
Montgomery

Jared
    $400 7
Wheaties

Pinki
    $400 14
Red Square

Paul
    $400 9
Oprah Winfrey

Jared
    $400 2
(Jared: What is the University of Nebraska?)

Northwestern

JaredPaul
    $400 19
B

Jared
    $600 28
"separate but equal"

Jared
    $600 23
triathlons

Paul
    $600 15
the Four Horsemen of the Apocalypse

Jared
    $600 10
The Chronicles of Narnia

Jared
    $600 3
(Alex: Now it is the time for them, yes.)

the University of Nebraska

Jared
    $600 20
(Pinki: What is M?)
...
(Alex: [*] for 500.)

D

JaredPinki
    $800 29
the NAACP

Triple Stumper
    $4,000 24
the Alps & the Pyrenees

Paul
    $800 16
Haiti

Paul
    $800 11
Hermann Hesse

Pinki
    $800 4
the New School

Paul
    $800 21
Y

Pinki
    $1000 30
Brown v. Board of Education

Jared
    $1000 25
U.S. Postal Service

Paul
    $1000 17
frescos

Jared
    $1000 12
(Samuel) Johnson

Pinki
    $1000 5
New Hampshire

Paul
    $1000 22
U

Paul

Scores at the first commercial break (after clue 15):

Jared Pinki Paul
$1,800 $2,400 $2,800

Scores at the end of the Jeopardy! Round:

Jared Pinki Paul
$6,200 $2,600 $10,200

Double Jeopardy! Round responses

U.S. CITIES
MUST "T" TV
LET'S PLAY JEOPARDY!
(Alex: I said "Yeopardy!" deliberately, because each correct response will contain a "J" that will either be silent or will be pronounced like a "Y".)
TEENAGE
COMMIES
FROM OUTER SPACE
    $400 21
Charleston

Pinki
    $400 1
Taxi

Paul
    $400 20
Johannes

Pinki
    $400 6
a Bar Mitzvah

Pinki
    $400 25
the Communist Manifesto

Pinki
    $400 11
an eclipse

Pinki
    $2,500 22
Atlanta

Pinki
    $800 2
Touched by an Angel

Paul
    $800 12
Jungian (analysis)

Pinki
    $800 7
a boy band

Jared
    $800 26
fellow traveller

Triple Stumper
    $800 16
Mars

Pinki
    $1200 23
(Paul: What is Dover?)

Wilmington

JaredPaul
    $1200 3
Tabitha

Jared
    $1200 13
Bjorn

Paul
    $1200 8
anorexia

Jared
    $2,900 27
(Pinki: S'not coming to me.)
(Alex: No?)
(Pinki: No.)
(Alex: Want to take a guess?)
(Pinki: Um...)
(Alex: Pick a name!)
(Pinki: Who is de Gaulle?)
(Alex: Nope!)

Ho Chi Minh

Pinki
    $1200 17
Skylab

Jared
    $1600 24
(Pinki: What is Reno?)
(Paul: What is Las Vegas?)

Laughlin

PinkiPaul
Triple Stumper
    $1600 4
T.J. Hooker

Jared
    $1600 14
Jagermeister

Jared
    $1600 9
puberty

Jared
    $1600 29
the long march

Paul
    $1600 18
(Paul: What is a galaxy?)
(Alex: Be more specific.)
(Paul: What is the Lesser Magellanic?)
(Alex: Nope. ...But I'm impressed!)

the Andromeda Galaxy

JaredPaul
    $2000 28
(Alex: Combination of information. The boys from [*].)

Syracuse

Triple Stumper
    $2000 5
The Twilight Zone

Jared
    $2000 15
the Rijksmuseum

Paul
    $2000 10
a bobby-soxer

Jared
    $2000 30
1975

Triple Stumper
    $2000 19
(Jared: What is the Crab Nebula?)

the Horsehead Nebula

JaredPaul

Scores at the end of the Double Jeopardy! Round:

Jared Pinki Paul
$20,200 $4,200 $13,800

[wagering suggestions for these scores]

Final Jeopardy! Round responses

WORLD LEADERS
(Alex: The reference was to the man who was born in Jerusalem in 1922 before Israel became a state, and that man who was assassinated was [*], [*].)
PinkiWho is Rajiv Gandhi?
$1,000
PaulWho is ?
$500
JaredWho is Gandhi?
$7,401
Yitzhak Rabin

Final scores:

Jared Pinki Paul
$12,799 $3,200 $13,300
2nd place: $2,000 3rd place: $1,000 New champion: $13,300

Game dynamics:

Coryat scores:

Jared Pinki Paul
$20,200 $5,400 $10,600
24 R,
3 W
13 R
(including 1 DD),
3 W
(including 1 DD)
16 R
(including 1 DD),
3 W

Combined Coryat: $36,200

The J! Archive is created by fans, for fans. The Jeopardy! game show and all elements thereof, including but not limited to copyright and trademark thereto, are the property of Jeopardy Productions, Inc. and are protected under law. This website is not affiliated with, sponsored by, or operated by Jeopardy Productions, Inc. Join the discussion at JBoard.tv.